000 00733nam a2200229 4500
003 OSt
005 20240628052720.0
006 a
008 240628b |||||||| |||| 00| 0 eng d
020 _a9780071259453
040 _aDWCL-Main lib.
_cOC
082 _2International edition
_aCirc. 332.6 S851r 2011
100 _aStefanelli, Scott D.
245 _aRunning money: professional portfolio management /
250 _aInternational edition
260 _aBoston :
_bMcGraw-Hill,
_cc2011.
300 _axvi,
_b560 p. : ill. ;
_c26 cm.
504 _aIncludes bibliographical references and index.
650 _a1. Portfolio management.
650 _a2. Investments.
942 _2ddc
_n0
_cBK-CIRC
_eInternational edition
_kCirc.
999 _c1578
_d1578